|
|
|
|
| LEADER |
00000cam a22000004a 4500 |
| 001 |
musev2_37014 |
| 003 |
MdBmJHUP |
| 005 |
20230905043905.0 |
| 006 |
m o d |
| 007 |
cr||||||||nn|n |
| 008 |
150115s2014 scu o 00 0 eng d |
| 020 |
|
|
|a 9781611174052
|
| 020 |
|
|
|z 9781611174045
|
| 035 |
|
|
|a (OCoLC)900194184
|
| 040 |
|
|
|a MdBmJHUP
|c MdBmJHUP
|
| 100 |
1 |
|
|a Heiser, David C. R.
|
| 245 |
1 |
0 |
|a Patrick N. Lynch, 1817-1882 :
|b Third Catholic Bishop of Charleston /
|c David C.R. Heisser and Stephen J. White, Sr.
|
| 264 |
|
1 |
|a Columbia, SC :
|b University of South Carolina Press,
|c 2014.
|
| 264 |
|
3 |
|a Baltimore, Md. :
|b Project MUSE,
|c 2015
|
| 264 |
|
4 |
|c ©2014.
|
| 300 |
|
|
|a 1 online resource (280 pages).
|
| 336 |
|
|
|a text
|b txt
|2 rdacontent
|
| 337 |
|
|
|a computer
|b c
|2 rdamedia
|
| 338 |
|
|
|a online resource
|b cr
|2 rdacarrier
|
| 505 |
0 |
|
|a Formative years -- Priest in Charleston -- Advancement in the 1850s -- Slaveholdings -- The war -- Rome mission -- Slavery treatise -- War's end and return home -- Baltimore second plenary -- Reconstruction -- 1870s to his death.
|
| 588 |
|
|
|a Description based on print version record.
|
| 600 |
1 |
7 |
|a Lynch, Patrick Neison,
|d 1817-1882.
|2 fast
|0 (OCoLC)fst01927027
|
| 600 |
1 |
0 |
|a Lynch, Patrick Neison,
|d 1817-1882.
|
| 610 |
2 |
7 |
|a Catholic Church.
|2 fast
|0 (OCoLC)fst00531720
|
| 610 |
2 |
6 |
|a Église catholique
|x Évêques
|v Biographies.
|
| 610 |
2 |
0 |
|a Catholic Church
|z South Carolina
|z Charleston
|x Bishops
|v Biography.
|
| 650 |
|
7 |
|a Bishops.
|2 fast
|0 (OCoLC)fst00833378
|
| 650 |
|
7 |
|a RELIGION
|x Christianity
|x Catholic.
|2 bisacsh
|
| 650 |
|
7 |
|a BIOGRAPHY & AUTOBIOGRAPHY
|x Religious.
|2 bisacsh
|
| 650 |
|
6 |
|a Évêques
|z Caroline du Sud
|z Charleston
|x Évêques
|v Biographies.
|
| 650 |
|
0 |
|a Bishops
|z South Carolina
|z Charleston
|x Bishops
|v Biography.
|
| 651 |
|
7 |
|a South Carolina
|z Charleston.
|2 fast
|0 (OCoLC)fst01204603
|
| 655 |
|
7 |
|a Biographies.
|2 rvmgf
|
| 655 |
|
7 |
|a Biographies.
|2 lcgft
|
| 655 |
|
7 |
|a Biographies.
|2 fast
|0 (OCoLC)fst01919896
|
| 655 |
|
7 |
|a collective biographies.
|2 aat
|
| 655 |
|
7 |
|a Electronic books.
|2 local
|
| 710 |
2 |
|
|a Project Muse.
|e distributor
|
| 830 |
|
0 |
|a Book collections on Project MUSE.
|
| 856 |
4 |
0 |
|z Texto completo
|u https://projectmuse.uam.elogim.com/book/37014/
|
| 945 |
|
|
|a Project MUSE - Custom Collection
|
| 945 |
|
|
|a Project MUSE - 2015 Complete
|
| 945 |
|
|
|a Project MUSE - 2015 US Regional Studies, South
|